000 01332nam a2200421 c 4500
001 58736
003 CO-BoRNBP
005 20250827211909.0
007 ta
008 121119s2002 ck gr 000 f spa d
015 _qck-2002-xxxx
020 _a9789580467533
_q9580467536
040 _aCO-BoRNBP
_bspa
_erda
_cCO-BoRNBP
041 1 _aspa
_hfre
043 _ae-fr---
084 _aN
100 _aVerne, Julio,
_d1828-1905.
_eaut
245 1 0 _aDos años de vacaciones /
_cJulio Verne ; traducción de Ana Piedad Jaramillo.
250 _aSegunda edición
264 1 _aBogotá, Colombia :
_bNorma,
_c2002
300 _a398, 47 páginas
336 _atexto
_btxt
_2rdacontent
337 _asin mediación
_bn
_2rdamedia
338 _avolumen
_bnc
_2rdacarrier
490 0 _aCara y cruz
500 _aIncluye datos biográficos del autor
501 _aCon : Julio Verne : vida y obra
521 1 _aRecomendado para un público general
534 _tDeux ans de vacances
600 0 _aVerne, Julio,
_d1828-1905.
_xCrítica e interpretación
_963880
650 0 7 _aHistorias de aventuras
_vNovela
_2LEMB
_91711
650 0 7 _aNaufragios
_vNovela
_2LEMB
655 _aNovela
_963194
655 _aNovela
_963194
700 _aJaramillo, Ana Piedad
_etrl
_963881
740 0 _aJulio Verne : vida y obra
942 _2loc
_cBKLIT
999 _c58736
_d58736